बालकृष्ण शर्मा 'नवीन' काव्य रचनावली (Record no. 1688425)

MARC details
000 -LEADER
fixed length control field 01507nam a22002657a 4500
005 - DATE AND TIME OF LATEST TRANSACTION
control field 20260303123344.0
008 - FIXED-LENGTH DATA ELEMENTS--GENERAL INFORMATION
fixed length control field 260303b |||||||| |||| 00| 0 eng d
020 ## - INTERNATIONAL STANDARD BOOK NUMBER
International Standard Book Number 8186311505 (खण्ड 1) (hbk)
020 ## - INTERNATIONAL STANDARD BOOK NUMBER
International Standard Book Number 8186311513 (खण्ड 2) (hbk)
020 ## - INTERNATIONAL STANDARD BOOK NUMBER
International Standard Book Number 8186311521 (खण्ड 3) (hbk)
020 ## - INTERNATIONAL STANDARD BOOK NUMBER
International Standard Book Number 818631153X (खण्ड 4) (hbk)
037 ## - SOURCE OF ACQUISITION
Terms of availability REF
040 ## - CATALOGING SOURCE
Original cataloging agency CRL
Transcribing agency CRL
041 ## - LANGUAGE CODE
Source of code hin
Language code of text/sound track or separate title hin
084 ## - COLON CLASSIFICATION NUMBER
Classification number O152,1M72x Q1.1-.4 (RR)
Assigning agency CRL
245 ## - TITLE STATEMENT
Title बालकृष्ण शर्मा 'नवीन' काव्य रचनावली
260 ## - PUBLICATION, DISTRIBUTION, ETC.
Place of publication, distribution, etc. नई दिल्ली, भारत:
Name of publisher, distributor, etc. प्रकाशन संस्थान,
Date of publication, distribution, etc. 2011.
300 ## - PHYSICAL DESCRIPTION
Extent भाग 1 (1-361पृ.), भाग 2 (368-842पृ.), भाग 3 (848-1110पृ.), भाग 4 (1114-1374पृ.)
365 ## - TRADE PRICE
Price amount 2500.00
Currency code INR
650 ## - SUBJECT ADDED ENTRY--TOPICAL TERM
Topical term or geographic name entry element हिन्दी कविता
650 ## - SUBJECT ADDED ENTRY--TOPICAL TERM
Topical term or geographic name entry element हिन्दी साहित्य
700 ## - ADDED ENTRY--PERSONAL NAME
Personal name चतुर्वेदी, नरेशचंद्र
Relator term सम्पादक
9 (RLIN) 1123516
942 ## - ADDED ENTRY ELEMENTS (KOHA)
Source of classification or shelving scheme Colon Classification (CC)
Koha item type Reference
Classification part O152,1M72x Q1.1-.4 (RR)
Suppress in OPAC No
Holdings
Withdrawn status Lost status Source of classification or shelving scheme Damaged status Not for loan Home library Current library Date acquired Source of acquisition Cost, normal purchase price Serial Enumeration / chronology Inventory number Total Checkouts Full call number Barcode Date due Date last seen Date last checked out Cost, replacement price Price effective from Koha item type
    Colon Classification (CC)     Central Library Arts Library 2026-03-03 आई . ओ . ई प्रोजेक्ट बुक्स 625.00 भाग 1 - कुंकुम, रश्मिरेखा, अपलक, क्वासि, प्राणापर्ण और विनोबा - स्तवन आई . ओ . ई प्रोजेक्ट बुक्स 1 O152,1M72x Q1.1 CL1926675 2026-03-06 2026-03-06 2026-03-06 2500.00 2026-03-03 Textbook
    Colon Classification (CC)     Central Library Arts Library 2026-03-03 आई . ओ . ई प्रोजेक्ट बुक्स 625.00 भाग 2 - ऊर्म्मिला आई . ओ . ई प्रोजेक्ट बुक्स 1 O152,1M72x Q1.2 CL1926676 2026-03-06 2026-03-06 2026-03-06 2500.00 2026-03-03 Textbook
    Colon Classification (CC)     Central Library Arts Library 2026-03-03 आई . ओ . ई प्रोजेक्ट बुक्स 625.00 भाग 3 - हम विषपायी जनम के आई . ओ . ई प्रोजेक्ट बुक्स 1 O152,1M72x Q1.3 CL1926677 2026-03-06 2026-03-06 2026-03-06 2500.00 2026-03-03 Textbook
    Colon Classification (CC)     Central Library Arts Library 2026-03-03 आई . ओ . ई प्रोजेक्ट बुक्स 625.00 भाग 4 - हम विषपायी जनम के (शेष भाग); प्रकीर्ण कविताएँ, आत्मकथा और जीवन की झलकियाँ आई . ओ . ई प्रोजेक्ट बुक्स 1 O152,1M72x Q1.4 CL1926678 2026-03-06 2026-03-06 2026-03-06 2500.00 2026-03-03 Textbook
Copyright @ Delhi University Library System